FSS Code : International code for fire safety systems / (Record no. 26522)

000 -LEADER
fixed length control field 00557nam a2200181 4500
008 - FIXED-LENGTH DATA ELEMENTS--GENERAL INFORMATION
fixed length control field 200320b ||||| |||| 00| 0 eng d
020 ## - INTERNATIONAL STANDARD BOOK NUMBER
International Standard Book Number 9789280116014
Terms of availability GBP33.00
040 ## - CATALOGING SOURCE
Original cataloging agency IMO
082 00 - DEWEY DECIMAL CLASSIFICATION NUMBER
Classification number 623.865
Item number I339
245 10 - TITLE STATEMENT
Title FSS Code : International code for fire safety systems /
250 ## - EDITION STATEMENT
Edition statement 2015 ed.
260 ## - PUBLICATION, DISTRIBUTION, ETC. (IMPRINT)
Place of publication, distribution, etc London:
Name of publisher, distributor, etc International Maritime Organization,
Date of publication, distribution, etc 2015.
300 ## - PHYSICAL DESCRIPTION
Extent vii. 335 p. :
Other physical details ill. ;
Dimensions 30 cm.
650 #0 - SUBJECT ADDED ENTRY--TOPICAL TERM
Topical term or geographic name as entry element Ships - Safety regulations
Topical term or geographic name as entry element Fires and fire prevention
Topical term or geographic name as entry element Law and legislation
942 ## - ADDED ENTRY ELEMENTS (KOHA)
Source of classification or shelving scheme
Item type Books
Holdings
Withdrawn status Lost status Source of classification or shelving scheme Damaged status Not for loan Permanent location Current location Shelving location Date acquired Source of acquisition Cost, normal purchase price Total Checkouts Full call number Barcode Date last seen Date last borrowed Cost, replacement price Koha item type
          IMU Kolkata IMU Kolkata Reference 2023-06-28 5 3002.52 1 623.865 I339 14168 2024-06-28 2024-01-16 3336.14 Books
Designed and Maintained by IMU-KC Library, Kolkata Campus © Copyright All Rights Reserved

webs counters

Powered by Koha